000 00415nam a2200157Ia 4500
008 210210b1993 xxu||||| |||| 00| 0 eng d
041 _aeng
082 _a820.13 ZAKI
100 _aZAKARIA (Rafiq).
245 _aIqbal: the poet and the politician.
260 _aN D
_bPenguin Books
_c1993
300 _axxii,194
650 _aIqbak Poet Politician Biography
690 _aIndian English Poetry
906 _a049426
999 _c98349
_d98349